Jusqu'où irez vous ? #25 (Culture Générale) - Statistiques

Statistiques générales
  • Ce quiz a été pris 147 fois
  • Le résultat moyen est 11 sur 20
Statistiques - réponses
Hint Réponse % Correct
Donnez une des 20 propositions désignant un mot accepté au scrabble français A- arh B- bah C- cov D- dao E- ewe F- fic G- gun H- hie I- ipe J- jas K- kot L- lub M- mox N- nat O- oye P- più Q- qin R- rye S- sep T- tex U- ure V- vet W- won X- xem Y- yod Z- zup BDEFHIJKMOPQRSTUVWYZ
100%
Donnez une des 19 propositions désignant un mot présent dans la chanson "On ira tous au paradis" de Michel Polnareff (1972) A- assassins B- brebis C- chiens D- Dieu E- église F- flammes G- gens H- habits I- invités J- jeunes K- karma L- laisse M- monde N- ne O- ou P- païens Q- qu' R- requins S- sœurs T- Toutes U- une V- voleurs W- weekend X- xénophobe Y- y Z- zèbres ABCDEFGILMNOPQRSTVY
99%
Donnez une des 17 propositions désignant une île de Grèce A- Andros B- Baskios C- Casinas D- Dokos E- Égine F- Folégandros G- Gyali H- Hydra I- Ithaque J- Jovdos K- Kythnos L- Lesbos M- Migousta N- Nímos O- Ofidoússa P- Patmos Q- Quani R- Rhodes S- Spetses T- Tilos U- Ubline V- Valaxa W- Wadnos X- Xittanphe Y- Yokis Z- Zafora ADEFGHIKLNOPRSTVZ
98%
Donnez une des 18 propositions désignant un commandant durant la guerre du Vietnam (1955-1975) A- Andrew Jackson B- Benjamin Harrison C- Creighton Abrams D- Dwight Eisenhower E- Elmo Zumwalt F- Feng Tran G- Gerald Ford H- Hô Chi Minh I- Iky Stu Nguyen J- John F. Kennedy K- Kaysone Phomvihane L- Lyndon B. Johnson M- Mao Zedong N- Nguyễn Chí Thanh O- Osamu Nikamura P- Park Chung-hee Q- Qu Park R- Richard Nixon S- Souphanouvong T- Thanom Kittikhachon U- Ulysses S. Grant V- Văn Tiến Dũng W- William Westmoreland X- Xi Wong Y- Yumjagiyn Tsedenbal Z- Zhou Enlai CDEGHJKLMNPRSTVWYZ
98%
Donnez une des 15 propositions désignant une peinture d'Edgar Degas
A- Arlequin et Colombine B- Le Bureau de coton à La Nouvelle-Orléans C- Chevaux de course à Longchamp D- Deux Danseuses E- Environs de Honfleur, neige F- Femme aux chrysanthèmes G- Gondole à Venise H- Hélène Rouart dans le bureau de son père I- Intérieur J- Jeunes Spartiates à l'entraînement K- Klu klux klan à l'aurore L- Ludovic Lepic et ses filles M- Mademoiselle Dihau au piano N- Nature morte aux œufs O- L'Orchestre de l'Opéra P- Portraits à la Bourse Q- Quai de la Seine à Paris R- Répétition d'un ballet sur la scène S- Scène de guerre au Moyen Âge T- Les Tilleuls à Poissy U- Une histoire V- Le Violoncelliste Pilet W- Le wagon de l'Armistice X- Le Xylophone de la discorde Y- Yvette et son accordéon Z- Les Zéphirs chez les berbères
ABCDFHIJLMOPRSV
93%
Donnez une des 16 propositions désignant un film avec Gérard Jugnot (même des petits rôles)
A- Annie colère B- Beur sur la ville C- Comme par magie D- Dracula père et fils E- Ernest et Célestine en hiver F- Faubourg 36 G- Grosse Fatigue H- Hommes au bord de la crise de nerfs I- Il ne faut jurer de rien ! J- Jumeaux mais pas trop K- Karaoké L- Les Clefs de bagnole M- Mort d'un pourri N- Ni juge ni soumise O- On a marché sur Bangkok P- Papa ou maman Q- Quand on crie au loup R- Revoir Paris S- Sans peur et sans reproche T- Trafic d'influence U- Un printemps à Paris V- Vous n'aurez pas l'Alsace et la Lorraine W- Walter X- X-Men: Dark Phoenix Y- Y'a pas de réseau Z- Zaï zaï zaï zaï
BCDFGIJLMOQSTUVY
93%
Donnez une des 14 propositions désignant un ouvrage de Jean d'Ormesson A- Au plaisir de Dieu B- Balades au paradis C- Casimir mène la grande vie D- La Douane de mer E- Elle dort dans la mer F- Les fainéants dans la vallée fertile G- La Gloire de l'Empire H- Histoire du Juif errant I- Les Illusions de la mer J- Je dirai malgré tout que cette vie fut belle K- Kafka sur le rivage L- Labyrinthe des sentiments M- Mon dernier rêve sera pour vous N- Ne ferme pas les yeux O- Odeur du temps P- Presque rien sur presque tout Q- Quand l'Enchanteur vint au monde R- La rage de survivre S- Sainte et pécheresse T- Tous les hommes en sont fous U- Une fête en larmes V- Voyez comme on danse W- Week-end organique X- XYZ Y- Y'a des moments si merveilleux Z- Zones sensibles ACDGHIJMOPQTUV
86%
Donnez une des 13 propositions désignant un joueur de l'équipe de France masculine de hockey sur glace présent aux JO de Milan-Cortina 2026 A- Antoine Keller B- Baptiste Fleury C- Charles Bertrand D- Dylan Fabre E- Erwann Le Péchoux F- Florian Chakiachvili G- Gaëtan Gilbert H- Hugo Gallet I- Isaac Aube-Kubel J- Julian Junca K- Kevin Bozon L- Louis Boudon M- Martin Gaucher N- Nicolas Ritz O- Oscar Roy P- Pierre-Édouard Bellemare Q- Quentin Pelletier R- Richard Mazure S- Sacha Treille T- Thomas Thiry U- Ulysse Le Gall V- Vincent Lachance W- Wilfried Santini X- Xavier Bourgault Y- Yohann Auvitu Z- Zach Mermis ACDFHJKLNPSTY
79%
Donnez une des 12 propositions désignant un des travaux d'Hercule (Héraclès) dans la mythologie grecque A- Abattre les oiseaux du lac Stymphale B- Affronter les ombres dans la forêt de Dryades C- Capturer la biche de Cérynie D- Capturer le Cœur du géant Encelade E- Capturer le sanglier d’Érymanthe F- Capturer le taureau crétois G- Capturer les cavales de Diomède H- Cueillir les fleurs du verger du temps perdu I- Cueillir les pommes d’or du jardin des Hespérides J- Détruire le tombeau des Dieux Déchus K- Enchaîner Cerbère L- Gouverner la cité aux Mille Visages M- Maitriser les eaux du fleuve l'Achéron N- Nettoyer les écuries d’Augias O- Ouvrir la porte gardée par Ligie et ses sirènes P- Passer la frontière qui sépare Hestia et Hermès Q- Porter à bout de bras le marteau d'Héphaïstos R- Rapporter la ceinture d’Hippolyte S- Respecter le serment des Titans Oubliés T- Traverser la rivière de Parthénope U- Traverser le Marché des Âmes Perdues V- Tuer l'hippocampe qui garde Arcadie W- Tuer l’hydre de Lerne X- Vaincre le lion de Némée Y- Vaincre le sanglier de Léthé Z- Voler les bœufs de Géryon ACEFGIKNRWXZ
75%
Donnez une des 11 propositions désignant un mot présent dans la chanson "La Danse des canards" de J. J. Lionel (1980) A- ailes B- bec C- chouette D- dément E- étang F- fête G- genoux H- homme I- ilot J- jar K- kaki L- lac M- mare N- notre O-P- plumes Q- Qui R- refrain S- sauvages T- tube U- uropygien V- Vont W- wigeon X- xanthique Y- yeux Z- zouzous BCDFGMPQRTV
73%
Donnez une des 10 propositions désignant un joueur de basketball américain champion olympique en 1992 aux côtés de Michael Jordan et Earvin "Magic" Johnson A- Alonzo Mourning B- Brad Daugherty C- Charles Barkley D- Chris Mullin E- Christian Laettner F- Clayton Thomas G- Clifford Robinson H- Clyde Drexler I- David Robinson J- Dominique Wilkins K- Joe Dumars L- John Stockton M- Jude Blaylock N- Karl Malone O- Larry Bird P- Larry Johnson Q- Micheal Williams R- Mitch Richmond S- Nick Anderson T- Patrick Ewing U- Reggie Lewis V- Reggie Miller W- Rod Strickland X- Scottie Pippen Y- Shaquille O'Neal Z- Tim Hardaway CDEHILNOTX
54%
Donnez une des 9 propositions désignant une municipalité d'Islande (ne cherchez pas Reykjavik volontairement écarté ^^) A- Akranes B- Borðyarnes C- CylIan D- Depilsknúkur E- Eiðiskollur F- Fjarðabyggð G- Garðabær H- Hafnarfjörður I- Ivingafjall J- Jatnagarðar K- Kópavogur L- Lokki M- Múlaþing N- Nøv O- Ölfus P- Postulakirkja Q- Qeynið R- Rávan S- Skagafjörður T- Tempulsklettur U- Urðafjall V- Vogar W- Wágfelli X- Xørðan Y- Ytriheyggjur Z- Zestfelli AFGHKMOSV
38%
Donnez une des 8 propositions désignant une série TV avec Amber Heard (même des petits rôles) A- Acapulco B- Les Baskerville C- Californication D- Demain à la une E- Esprits criminels F- Falcon Crest G- Glue H- Hidden Palms : Enfer au paradis I- Inspecteur Morse J- Jack et Bobby K- La Famille Carver L- Le Fléau M- Les Maîtres de l'horreur N- Newport Beach O- Les Oubliées P- Pause café Q- Les Quintuplés R- Ravenswood S- Le Saint T- The Playboy Club U- Un, dos, tres V- Vikings W- Waco : L'Après X- X-Files : Aux frontières du réel Y- Young Sheldon Z- Z-Cars CEHJKLNT
23%
Donnez une des 7 propositions désignant un acteur jouant un des 7 mercenaires dans le film "Les Sept Mercenaires" de 2016 A- Adam Driver B- Byung-Hun Lee C- Chris Pratt D- Denzel Washington E- Elijah Wood F- Ethan Hawke G- Giovanni Ribisi H- Hugh Jackman I- Ibrahim Seck J- Jamie Foxx K- John Goodman L- Jon Favreau M- Manuel Garcia-Rulfo N- Martin Sensmeier O- Oscar Isaac P- Paul Rudd Q- Robert Downey Jr. R- Scott Eastwood S- Shia LaBeouf T- Tom Cruise U- Tommy Lee Jones V- Viggo Mortensen W- Vincent D'Onofrio X- Wesley Snipes Y- Woody Allen Z- Woody Harrelson BCDEMNW
17%
Donnez une des 6 propositions désignant un des 6 Etats qui ont choisi de faire sécession des États-Unis avant de former les États confédérés d'Amérique le 4 février 1861 (avec la Caroline du Sud) A- Alabama B- Arkansas C- Caroline du Nord D- Connecticut E- Delaware F- Floride G- Géorgie H- Hawaï I- Illinois J- Indiana K- Kentucky L- Louisiane M- Mississippi N- New Jersey O- Ohio P- Oklahoma Q- Pennsylvanie R- Rhode Island S- Tennessee T- Texas U- Utah V- Vermont W- Virginie X- Washington Y- Wisconsin Z- Wyoming AFGLMT
14%
Donnez une des 5 propositions désignant une membre du groupe L5, vainqueur de la première saison du télé-crochet Popstars en 2001
A- Alexandra Canto B- Assia Maouène C- Claire Litvine D- Coralie Gelle E- Demi Mondaine F- Francine Chantereau G- Gina Attal H- Helène Guedj I- Imany J- Jeanne Cherhal K- Karen Brunon L- Louisy Joseph M- Marjorie Parascandola N- Pascale Borel O- Pauline Croze P- Penelope Antena Q- Queer Bitch R- Rafaëlle Cohen S- Sarah Bismuth T- Sharon Coste U- Sylvie Brunet-Grupposo V- Szina Barroueche W- Val du Berry X- Vanessa Cailhol Y- Yamée Couture Z- Zoé Clauzure
ACDLM
10%
Donnez une des 4 propositions désignant une actrice ayant jouée une des filles March dans le film "Les Filles du docteur March" de 2019 A- Amy Adams B- Blake Lively C- Cailey Fleming D- Carice van Houten E- Christian Serratos F- Daisy Edgar-Jones G- Daphne Zuniga H- Edna Purviance I- Eliza Scanlen J- Emilia Clarke K- Emma Watson L- Erica Fontes M- Florence Pugh N- Heather Locklear O- Katy O'Brian P- Lauren Cohan Q- Maura Tierney R- Meryl Streep S- Michelle Fairley T- Paola Lázaro U- Samara Weaving V- Saoirse Ronan W- Sophie Turner X- Stéfi Celma Y- Uma Thurman Z- Zooey Deschanel IKMV
8%
Donnez une des 3 propositions désignant le nom d'un spectacle de Florence Foresti A- L’Abribus B- Boys Boys Boys C- La Cigale ou la jolie D- Double Foré E- Ehhh ouais ... F- Fans, je vous aime ! G- Glory Alleluia H- Hollywood Foutoire I- I and You J- Je suis votre idole K- KO by Flo L- Le Diable est une gentille petite fille M- Mother Fucker N- Ne riez jamais d'une femme qui tombe O- On ne peut qu'en rire P- Putain, ta gueule ! Q- Qui est cette bombasse ? R- Rififi chez Foresti S- Show bourgeois T- t' es pas prêt U- Utérus, décollage imminent V- La vie c'est pas de la rigolade W- Who is this woman ? X- X comme Foresti Y- You are beautiful Z- Zidane 0 Foresti 3 ABM
6%
Donnez une des 2 propositions désignant un des 2 pays qui s'opposent dans le conflit de Kargil en 1999, aussi appelé la « guerre des glaciers » A- Afghanistan B- Bhoutan C- Corée du Nord D- Djibouti E- Estonie F- Finlande G- Géorgie H- Hongrie I- Inde J- Japon K- Kirghizistan L- Laos M- Mauritanie N- Népal O- Ouzbékistan P- Pakistan Q- Qatar R- Rwanda S- Sri Lanka T- Turkménistan U- Ukraine V- Vanuatu W- Venezuela X- Vietnam Y- Yemen Z- Zambie IP
6%
Donnez l'unique proposition désignant un nom de personnage commun aux séries TV suivantes : Arrested Development /// Homicide /// New York, unité spéciale /// Sur écoute (The Wire) /// X-Files A- Amanda Rollins B- Brett Douglas C- Casey Novak D- Don Cragen E- Elliot Stabler F- Finn Marshall G- George Huang H- Henry Voight I- Ian Landsky J- John Munch K- Katriona Tamin L- Lance Jones M- Melinda Warner N- Nick Amaro O- Olivia Benson P- Peter Stone Q- Quentin Dickson R- Roger Kressler S- Sonya Paxton T- Terry Bruno U- Usher Lewis V- Vince Quinn W- William Dodds X- Xavier Jackson Y- Yul Miller Z- Zach Thompkins J
2%
Aucun quiz correspondant
Distribution des résultats
% des personnes avec chaque résultat
Percentile par nombre de réponses
Votre historique - résultats
Vous n’avez pas pris ce quiz